[Event "III Perla Baltyku A"]
[Site "Mielno POL"]
[Date "2007.06.23"]
[Round "7"]
[White "Markiewicz,Ja"]
[Black "Warakomski,T"]
[Result "0-1"]
[WhiteElo "2307"]
[BlackElo "2493"]

1.e4 d6 2.d4 Nf6 3.Nc3 c6 4.f4 Qa5 5.e5 Ne4 6.Bd3 Nxc3 7.Qd2 g6 8.bxc3 Bf5
9.Nf3 e6 10.O-O d5 11.Bxf5 gxf5 12.a4 Nd7 13.c4 Qxd2 14.Nxd2 Bb4 15.Rb1 Bxd2
16.Bxd2 Nb6 17.cxd5 cxd5 18.Bb4 Nxa4 19.Bd6 b6 20.Rf3 Rc8 21.Ra3 Rc4 22.Bb4 b5
23.Rxa4 bxa4 24.c3 Kd7 25.Ra1 a5 26.Bxa5 Rb8 27.Kf2 Rb2+ 28.Kf3 Kc6 29.Bb4 Kb5
30.h3 Rcxb4 31.cxb4 Kxb4 32.g4 Rb3+ 33.Kg2 a3  0-1

[Event "Open"]
[Site "Pula CRO"]
[Date "2007.06.23"]
[Round "1"]
[White "Gruner,P"]
[Black "Jovanovic,Zo CRO"]
[Result "0-1"]
[WhiteElo "2069"]
[BlackElo "2529"]

1.e4 d6 2.d4 Nf6 3.Nc3 e5 4.Nf3 Nbd7 5.h3 Be7 6.Be3 c6 7.a4 O-O 8.Be2 Re8
9.dxe5 dxe5 10.O-O Qc7 11.Bc4 h6 12.Nh2 Bc5 13.Ng4 Nxg4 14.Qxg4 Nb6 15.Qe2 Bxe3
16.fxe3 Nxc4 17.Qxc4 Be6 18.Qc5 b6 19.Qb4 a5 20.Qa3 Rad8 21.Rad1 Rxd1 22.Rxd1 Rd8
23.Qa1 Qe7 24.Rxd8+ Qxd8 25.Qd1 Qg5 26.Qf3 Qe7 27.Qd1 Qb4 28.Qc1 Kh7 29.Qa1 Qc5
30.Qc1 b5 31.axb5 cxb5 32.Qd2 Qb4 33.Kf2 a4 34.Qd3 Bc4 35.Qd7 Qxb2 36.Nd5 Qxc2+
37.Kg3 Bxd5 38.exd5 a3 39.Qc6 Qg6+ 40.Kf2 a2  0-1

[Event "King's Gambit A"]
[Site "Lipetsk RUS"]
[Date "2007.06.24"]
[Round "3"]
[White "Chebotarev,O"]
[Black "Zubarev,Al1"]
[Result "1-0"]
[WhiteElo "2514"]
[BlackElo "2511"]

1.e4 d6 2.d4 Nf6 3.Nc3 e5 4.Nf3 Nbd7 5.Bc4 Be7 6.O-O O-O 7.Re1 c6 8.a4 b6
9.Ba2 a6 10.Nh4 exd4 11.Qxd4 Nc5 12.Nf3 Be6 13.Bxe6 Nxe6 14.Qc4 d5 15.exd5 cxd5
16.Qd3 Nc5 17.Qd1 Nce4 18.Ne2 Ng4 19.Rf1 Bc5 20.Ned4 Re8 21.h3 Ngf6 22.Qd3 Qd7
23.Be3 Bd6 24.Rfd1 Nc5 25.Qf5 Qc7 26.Nd2 Bh2+ 27.Kh1 Be5 28.c3 Nfe4 29.N2b3 Nd6
30.Qc2 Nc4 31.Nf5 Rad8 32.a5 Nxb3 33.Qxb3 bxa5 34.Qc2 Qb7 35.b3 Nxe3 36.Nxe3 Bb8
37.Qd3 Qc7 38.g3 d4 39.cxd4 Ba7 40.Ra4 Qb7+ 41.Kg1 h5 42.h4 Qf3 43.Ng2 Qg4
44.Rd2 Re4 45.Ne3 Qf3 46.Ng2 Qg4 47.Ne3 Qg6 48.Nc2 Qe6 49.d5 Rxa4 50.dxe6 Rxd3
51.Rxd3 Re4 52.Rd8+ Kh7 53.exf7  1-0

[Event "Masters"]
[Site "Grenoble FRA"]
[Date "2007.06.25"]
[Round "6"]
[White "Vernay,C"]
[Black "Janev,E"]
[Result "1-0"]
[WhiteElo "2347"]
[BlackElo "2476"]

1.d4 d6 2.e4 Nf6 3.Nc3 e5 4.Nf3 Nbd7 5.Bc4 Be7 6.O-O O-O 7.Re1 c6 8.a4 b6
9.Bf1 a6 10.Bg5 Rb8 11.Bh4 Ne8 12.Bg3 Qc7 13.Na2 Bf6 14.c3 Bb7 15.Nb4 Ra8
16.Qd2 b5 17.axb5 axb5 18.Rad1 g6 19.dxe5 Nxe5 20.Nxe5 dxe5 21.Nd3 Rd8 22.Qe3 Ng7
23.Be2 Bc8 24.Nc5 h5 25.h3 Ne6 26.Nxe6 Bxe6 27.Qc5 h4 28.Bh2 Rxd1 29.Rxd1 Rc8
30.Ra1 Qb8 31.Ra6 Qc7 32.Ra7 Qb8 33.Ra6 Bd7 34.Ra1 Kg7 35.b4 Be6 36.Ra6 Rd8
37.g4 hxg3 38.Bxg3 Rd2 39.Qe3 Rd6 40.h4 Qd8 41.Qc5 Rd2 42.Qe3 Bc4 43.Bxc4 bxc4
44.Rxc6 Rc2 45.Qf3 Bxh4 46.Bxe5+ Kg8 47.Bg3 Bxg3 48.Qxg3 Rc1+ 49.Kg2 Qe8
50.Rxc4 Qb5 51.Qe3 Qxc4 52.Qxc1 Qxe4+ 53.Kg1 f5 54.Qe3 Qg4+ 55.Qg3 Qd1+ 56.Kg2 Qd5+
57.Kh2 Kg7 58.Qf4 Qb5 59.Qd4+ Kh6 60.Qc5 Qb8+ 61.Kg1 f4 62.b5 Qe8 63.b6 Qe4
64.Qd4 Qb1+ 65.Kg2 g5 66.c4 Kh5 67.c5 Qf5 68.Qd6 g4 69.Qd4 Kh4 70.b7 Qb1
71.Qh8+ Kg5 72.Qg8+ Kh4 73.Qd8+ Kh5 74.Qe8+ Kg5 75.b8=Q f3+ 76.Kh2 Qh7+ 77.Kg1 Kh4  1-0

[Event "Narciso Yepes Mem"]
[Site "Lorca ESP"]
[Date "2007.06.25"]
[Round "1"]
[White "Spraggett,K"]
[Black "Martin Alvarez,I"]
[Result "1-0"]
[WhiteElo "2631"]
[BlackElo "2173"]

1.e4 d6 2.d4 Nf6 3.Nc3 e5 4.Nge2 Nbd7 5.f3 exd4 6.Qxd4 g6 7.Bg5 Bg7 8.O-O-O O-O
9.Qd2 b5 10.Nxb5 Rb8 11.Nec3 a6 12.Nd4 Bb7 13.Bh6 Bxh6 14.Qxh6 Ne5 15.Qg5 h6
16.Qxh6 c5 17.Nb3 Qb6 18.Qg5 Nh7 19.Qe3 Ba8 20.Be2 Nf6 21.g4 Qb7 22.Rxd6 Ne8
23.Rd5  1-0

[Event "Open"]
[Site "Pula CRO"]
[Date "2007.06.25"]
[Round "3"]
[White "Pancevski,F"]
[Black "Tratar,M"]
[Result "0-1"]
[WhiteElo "2303"]
[BlackElo "2476"]

1.e4 d6 2.d4 Nf6 3.Nc3 e5 4.Nf3 Nbd7 5.Bc4 Be7 6.O-O O-O 7.Re1 a6 8.a4 b6
9.b3 c6 10.d5 c5 11.Bd3 Ne8 12.h3 g6 13.Bh6 Ng7 14.g4 Kh8 15.Qd2 Nf6 16.Nh2 Ng8
17.Be3 f5 18.f3 Bh4 19.Rf1 Ra7 20.Kg2 f4 21.Bf2 h5 22.Bxh4 Qxh4 23.Qf2 Qd8
24.Rh1 Ne8 25.Nf1 Rh7 26.Nd2 Nh6 27.Be2 Kg7 28.Rag1 Nf7 29.Kf1 Rfh8 30.Qg2 Kf8
31.Bd3 g5 32.Ke2 Rh6 33.Nd1 R8h7 34.Nf2 Nh8 35.Qf1 Ng6 36.c3 Nh4 37.Kd1 Ra7
38.Ke2 Nf6 39.Qd1 Rah7 40.Qb1 Qc7 41.Bc4 Qa7 42.Qd3 Ne8 43.Ra1 Ng2 44.Rhg1 Ne3
45.Nf1 hxg4 46.hxg4 Nxf1 47.Kxf1 Rh2 48.Rg2 Nf6 49.Qe2 a5 50.Nd1 Rh1+ 51.Rg1 Qg7
52.Nf2 Rxg1+ 53.Kxg1 Qh8 54.Ra2 Rh2 55.Ba6 Bd7 56.Bb5 Qh4 57.Bxd7 Nxd7 58.Rd2 Qg3+
59.Kf1 Rg2 60.Qd3 Ke7 61.Ke1 c4 62.Qxc4 Qxf3 63.Kf1 Rxg4  0-1

[Event "Open"]
[Site "Pula CRO"]
[Date "2007.06.26"]
[Round "5"]
[White "Bellia,F"]
[Black "Jovanovic,Zo CRO"]
[Result "0-1"]
[WhiteElo "2405"]
[BlackElo "2529"]

1.e4 d6 2.d4 Nf6 3.Nc3 e5 4.Nf3 exd4 5.Nxd4 Be7 6.Bf4 O-O 7.Qd2 a6 8.O-O-O b5
9.Nd5 Nxd5 10.exd5 Bf6 11.Be2 Bb7 12.Nb3 Nd7 13.Na5 Rb8 14.Be3 Nc5 15.Nxb7 Rxb7
16.Bd4 Rb8 17.Bxf6 Qxf6 18.Qd4 Qh6+ 19.Qd2 Qxd2+ 20.Rxd2 Rbe8 21.Bf3 f5 22.h4 Re5
23.c3 Rfe8 24.Kc2 Kf7 25.Rhd1 Kf6 26.Rd4 Re1 27.g3 h6 28.b3 g5 29.hxg5+ hxg5
30.g4 Rxd1 31.Rxd1 fxg4 32.Bxg4 Re4 33.f3 Re3 34.Rh1 Re2+ 35.Kb1 a5 36.Rh7 Nd3
37.Rxc7 Rb2+ 38.Ka1 Rc2 39.a3 Nc5 40.b4 axb4 41.axb4 Na4 42.Kb1 Rxc3 43.Rd7 Ke5
44.Rg7 Kxd5 45.Rxg5+ Kc4 46.Bd7 Rb3+ 47.Kc2 Rb2+ 48.Kc1 Rxb4 49.f4 Nc5 50.Bf5 Rb3
51.Bc2 Rf3 52.f5 Kc3 53.Rg1 d5 54.f6 d4 55.Bd1 Rxf6 56.Rg2 Nd3+ 57.Kb1 Rf1
58.Rc2+ Kb4 59.Rd2 Nf2 60.Kc2 d3+  0-1

[Event "King's Gambit A"]
[Site "Lipetsk RUS"]
[Date "2007.06.27"]
[Round "7"]
[White "Kupreichik,V"]
[Black "Zubarev,Al1"]
[Result "1/2-1/2"]
[WhiteElo "2402"]
[BlackElo "2511"]

1.e4 d6 2.d4 Nf6 3.Nc3 e5 4.Nf3 Nbd7 5.Bc4 Be7 6.O-O O-O 7.a4 a5 8.Re1 c6
9.b3 exd4 10.Nxd4 Nc5 11.Bf4 Ng4 12.Be2 Ne5 13.Qd2 Re8 14.Rad1 Bf8 15.Bg3 Qb6
16.Kh1 g6 17.h3 Qb4 18.Qe3 Bg7 19.Ncb5 Na6 20.Nc3 Nc5 21.Ncb5 Na6 22.Nc3 Qb6
23.Nf5 Qxe3 24.Nxe3 Nc5 25.Rxd6 Ned7 26.Ned1 Nxe4 27.Nxe4 Rxe4 28.f3 Re7
29.Bc4 Kf8 30.Ne3 Be5 31.Bxe5 Rxe5 32.Kg1 Re8 33.Kf2 Nc5 34.h4 h5 35.Red1 Ke7
36.R6d2 Bd7 37.Be2 Be6 38.Bc4 Bd7 39.Be2 Be6  1/2-1/2

[Event "Open"]
[Site "Pula CRO"]
[Date "2007.06.27"]
[Round "6"]
[White "Petrik,T"]
[Black "Mikac,M"]
[Result "1-0"]
[WhiteElo "2522"]
[BlackElo "2391"]

1.e4 d6 2.d4 Nf6 3.Nc3 e5 4.Nf3 Nbd7 5.Bc4 Be7 6.O-O O-O 7.Re1 c6 8.a4 exd4
9.Nxd4 Ne5 10.Ba2 Re8 11.h3 Qc7 12.Bf4 a5 13.Qd2 Qb6 14.Be3 Qb4 15.Qe2 Bf8
16.Bb3 Ned7 17.Na2 Qb6 18.Ne6 Nc5 19.Bxc5 dxc5 20.Ng5 Be6 21.Nxe6 fxe6 22.Rad1 Kh8
23.Nc3 e5 24.Rd3 Rad8 25.Rf3 Rd4 26.Bc4 Red8 27.b3 Rd2 28.Qe3 Rxc2 29.Qg5 Qc7
30.Ree3 Rxc3 31.Rxc3 Nxe4 32.Qf5 Nf6 33.Rc1 e4 34.Re3 Bd6 35.Ree1 Be5 36.Re2 Bd4
37.Rce1 g6 38.Qg5 Rf8 39.Kh1 Qd6 40.Qh6 Qe7 41.Rxe4 Nxe4 42.Rxe4 Qg7 43.Qxg7+ Bxg7
44.f4 Bf6 45.g4 h6 46.Kg2 Bh4 47.Kf3 Kg7 48.Re5 Bg5 49.Re4 Bh4 50.Re5 Bg5
51.f5 gxf5 52.gxf5 Kf6 53.Ke4 Rd8 54.Re6+ Kg7 55.Ke5 Rf8 56.Rg6+ Kh7 57.Re6 Kg7
58.Rg6+ Kh7 59.Rd6 Re8+ 60.Be6 Kg7 61.Rd7+ Re7 62.Rd1 Bf6+ 63.Kd6 Re8 64.Rg1+ Kh7
65.Kxc5 Bg5 66.Kd6 Rd8+ 67.Kc7 Rd3 68.Kxb7 Rxh3 69.f6 Rf3 70.f7 Be7 71.Kxc6 Bb4
72.Rg8 h5 73.Bd5 Rf6+ 74.Kb5 h4 75.Rg4 Be1 76.Be4+ Kh6 77.Rg6+  1-0

[Event "Open"]
[Site "Pula CRO"]
[Date "2007.06.27"]
[Round "6"]
[White "Schneider,Ve"]
[Black "Stojanovski,D"]
[Result "1/2-1/2"]
[WhiteElo "2238"]
[BlackElo "2394"]

1.e4 d6 2.d4 Nf6 3.Nc3 c6 4.Be3 Qb6 5.b3 Qa5 6.Qd2 e5 7.f3 h5 8.h4 Be7 9.Nge2 Be6
10.Nd1 Qc7 11.Nf2 a5 12.Nd3 Nbd7 13.c4 Nf8  1/2-1/2

[Event "Open"]
[Site "Pula CRO"]
[Date "2007.06.28"]
[Round "7"]
[White "Saric,Iv"]
[Black "Jovanovic,Zo CRO"]
[Result "0-1"]
[WhiteElo "2463"]
[BlackElo "2529"]

1.e4 d6 2.d4 Nf6 3.Nc3 e5 4.Nf3 exd4 5.Nxd4 Be7 6.g3 d5 7.e5 Ng4 8.Bg2 Nxe5
9.Qe2 Nec6 10.Be3 Nxd4 11.Bxd4 O-O 12.Nxd5 Bb4+ 13.Nxb4 Qxd4 14.c3 Qd8 15.Rd1 Nd7
16.O-O c6 17.Rfe1 Qb6 18.Qe3 Nf6 19.Qxb6 axb6 20.Re7 Rb8 21.Nc2 Be6 22.Nd4 Bxa2
23.Ra1 Bc4 24.b3 Bd3 25.Ra7 Rfe8 26.Rxe8+ Rxe8 27.Bf1 Bxf1 28.Kxf1 Rb8 29.Ke2 Ne4
30.c4 Kf8 31.Kf3 Nd6 32.Kf4 Ke8 33.Ra2 Kd7 34.h4 Re8 35.Rd2 Kc7 36.h5 Re4+
37.Kf3 Re1 38.h6 g6 39.Kf4 Rh1 40.Re2 Kd7 41.Kg5 Ne8 42.Nf3 f6+ 43.Kg4 Rxh6
44.Nh4 Rh5 45.f4 Nd6 46.Rd2 b5 47.f5 bxc4 48.bxc4 Kc7 49.fxg6 hxg6 50.Rc2  0-1

[Event "Asian Youth BU16"]
[Site "Tashkent UZB"]
[Date "2007.06.29"]
[Round "2"]
[White "Adhiban,B"]
[Black "Karayev,A"]
[Result "1-0"]
[WhiteElo "2368"]
[BlackElo "2198"]

1.e4 d6 2.d4 Nf6 3.Nc3 Nbd7 4.Nge2 e5 5.g3 Be7 6.Bg2 O-O 7.O-O c6 8.h3 Re8
9.g4 h5 10.g5 Nh7 11.h4 g6 12.f4 exf4 13.Nxf4 Ndf8 14.Nxh5 gxh5 15.Qxh5 Ng6
16.Rxf7 Nhf8 17.Rf2 Qd7 18.Be3 Bd8 19.Raf1 Qh7 20.Qxh7+ Nxh7 21.h5 Ngf8 22.g6 Ng5
23.Rf7 Be6 24.Rxb7 Re7 25.Rb4 Rg7 26.d5 c5 27.Rb3 Bg4 28.Nb5 Bxh5 29.Nxd6 Rxg6
30.e5 Nf3+ 31.Kh1 Nxe5 32.Nf5 Nfd7 33.Rb7 Be2 34.Rf2 Ba6 35.Rb3 Ng4 36.Rf4 Nde5
37.d6 Rc8 38.Bd5+ Kh7 39.Bd2 Bg5 40.Rh3+ Nh6  1-0

[Event "King's Gambit B"]
[Site "Lipetsk RUS"]
[Date "2007.06.30"]
[Round "11"]
[White "Nikitin,Y2"]
[Black "Ajrapetian,G"]
[Result "1/2-1/2"]
[WhiteElo "2241"]
[BlackElo "2269"]

1.e4 d6 2.d4 Nf6 3.Nc3 c6 4.a4 Nbd7 5.Nf3 e5 6.Bc4 Be7 7.O-O O-O 8.Ba2 h6
9.Re1 Qc7 10.Nh4 Re8 11.Nf5 Nf8 12.dxe5 dxe5 13.Qf3 Bxf5 14.exf5 Bd6 15.Ne4 Nxe4
16.Rxe4 Nh7 17.Qg3 Kh8 18.Rh4 Rad8 19.Be3 e4 20.Qh3 Be5 21.c3 Rd6 22.Re1 Qd8
23.Bb3 Bf6 24.Rg4 b6 25.Bc2 Bg5 26.Rxe4 Rxe4 27.Bxe4 Rd1 28.Kf1 Bxe3 29.Qxe3 Rxe1+
30.Kxe1 c5 31.Bc2 Nf6 32.Qe5 Kg8 33.h3 Qa8 34.f3 Qd8 35.g4 Qa8 36.Ke2 Qd8
37.Bb3 Ne8 38.h4 Kf8 39.Qd5 Qc7 40.f4 Nf6 41.Qa8+ Ne8 42.Kf3 Qe7 43.g5 Qe1
44.Qd5 Qf1+ 45.Ke3 Qe1+ 46.Kd3 Qf1+ 47.Kc2 Qe2+ 48.Kb1 Qe7 49.f6 Qc7 50.fxg7+ Kxg7
51.gxh6+ Kxh6 52.Qg5+ Kh7 53.Bc2+ Kh8 54.h5 Qc6 55.h6 Qf6 56.Ka2 Qe6+ 57.Bb3 c4
58.Bc2 Qf6 59.h7 Qxg5 60.fxg5 Ng7 61.a5 bxa5 62.Ka3 Ne6 63.g6 fxg6 64.Bxg6 Nc5
65.Bc2 Kg7 66.Ka2 Nd7 67.Kb1 Nf6 68.Kc1 Nd5 69.Kd2 Kh8 70.Be4 Nb6 71.Bc2 Nd5
72.Ke2 a4 73.Kd2 Kg7 74.Bxa4 Kxh7 75.Bb5 Nb6 76.Ke3 Kg6 77.Kd4 Kf6 78.Bxc4 Ke7
79.Kc5 Kd7 80.Kb5 Kc7 81.Be2 Nd7 82.Bf3 Ne5 83.Be4 Nd7 84.Bg2 Ne5 85.b4 Nd7
86.Ka6 Kb8 87.c4 Ne5 88.Bd5 Nd3 89.Kb5 Kc7 90.Be4 Ne5 91.Bf5 Nc6 92.Be4 Ne5
93.c5 Nd7 94.Ka6 Kb8 95.Bf5 Ne5 96.b5 Nc4 97.Be6 Nb2 98.b6  1/2-1/2

[Event "Open"]
[Site "Pula CRO"]
[Date "2007.06.30"]
[Round "9"]
[White "Milman,L"]
[Black "Rukavina,J"]
[Result "1-0"]
[WhiteElo "2484"]
[BlackElo "2382"]

1.e4 d6 2.d4 Nf6 3.Nc3 e5 4.Nf3 Nbd7 5.Bc4 Be7 6.O-O O-O 7.Re1 c6 8.a4 Qc7
9.a5 exd4 10.Nxd4 Ne5 11.Bb3 Re8 12.h3 Bd7 13.f4 Ng6 14.g4 d5 15.e5 Bc5 16.Be3 Ne4
17.Nxe4 dxe4 18.c3 Nh4 19.Kh1 g5 20.Qc2 Bf8 21.Qf2 c5 22.fxg5 Nf3 23.Nxf3 exf3
24.Bf4 c4 25.Bc2 Bc6 26.Be4 Bg7 27.Re3 Re6 28.Qxf3 Bxe5 29.Bxc6 Bxf4 30.Rxe6 fxe6
31.Bxb7 Rd8 32.Qe4 Kg7 33.Rf1 e5 34.Bd5 Rb8 35.Rxf4  1-0

[Event "White Nights"]
[Site "St Petersburg RUS"]
[Date "2007.06.30"]
[Round "6"]
[White "Eidelson,R"]
[Black "Bronnikova,E"]
[Result "1-0"]
[WhiteElo "2165"]
[BlackElo "2287"]

1.e4 d6 2.d4 Nf6 3.Nc3 c6 4.f4 Qa5 5.Bd3 e5 6.Nf3 Bg4 7.dxe5 dxe5 8.h3 Bxf3
9.Qxf3 Nbd7 10.Bd2 Qc7 11.f5 Nc5 12.Be2 b5 13.a3 a5 14.Be3 Be7 15.O-O O-O
16.Bg5 b4 17.Bxf6 Bxf6 18.Nd1 Rad8 19.axb4 axb4 20.Nf2 Bg5 21.g3 Rd4 22.c3 bxc3
23.bxc3 Rd7 24.h4 Be7 25.Bc4 Rfd8 26.Ng4 Bf8 27.h5 Nb3 28.Bxb3 Qb6+ 29.Kg2 Qxb3
30.Nxe5 Rd2+ 31.Kh3 f6 32.Nxc6 R8d3 33.Qf4 Qb2 34.Ra8 Rh2+ 35.Kg4 Rxh5 36.Rf2 Rg5+
37.Qxg5 Qxf2 38.Ne7+ Kf7 39.Qh5+  1-0

[Event "ch-SWE"]
[Site "Stockholm SWE"]
[Date "2007.06.30"]
[Round "1"]
[White "Berg,E"]
[Black "Johansson,Ja SWE"]
[Result "0-1"]
[WhiteElo "2574"]
[BlackElo "2441"]

1.e4 d6 2.d4 Nf6 3.Nc3 e5 4.Nge2 Nbd7 5.h3 c6 6.g4 g6 7.Bg2 h5 8.g5 Nh7 9.h4 Bg7
10.f4 exd4 11.Nxd4 Nb6 12.Bf3 O-O 13.Qd3 Re8 14.Be3 d5 15.exd5 c5 16.Ne6 fxe6
17.Qxg6 Nf8 18.Qxh5 Bxc3+ 19.bxc3 exd5 20.Kf2 d4 21.Bd2 Bf5 22.Rae1 Qd7 23.cxd4 Qxd4+
24.Kg3 Rxe1 25.Rxe1 Qxd2 26.Re7 Bg6 27.Qh6 Qd4 28.h5 Re8 29.Rxb7 Bf5 30.g6 Nbd7
31.Rb1 Re3 32.Rf1 Nf6 33.g7 N8h7 34.Kh2 Qd2+ 35.Kg1 Rxf3 36.Rxf3 Qe1+ 37.Kg2 Be4  0-1

[Event "Kotov Mem"]
[Site "Tula RUS"]
[Date "2007.06.30"]
[Round "1"]
[White "Saulin,D"]
[Black "Arzumanian,G"]
[Result "0-1"]
[WhiteElo "2400"]
[BlackElo "2487"]

1.e4 d6 2.d4 Nf6 3.Nc3 e5 4.Nf3 Nbd7 5.Bc4 Be7 6.O-O O-O 7.Re1 c6 8.a4 a5
9.h3 exd4 10.Qxd4 Nc5 11.b3 Be6 12.Bb2 Qb6 13.Rad1 Rad8 14.Nd5 cxd5 15.exd5 Bf5
16.Rxe7 Bxc2 17.Rde1 Bxb3 18.Qh4 Bxc4 19.Bxf6 Bd3 20.Bc3 Bg6 21.Qd4 f6 22.Nh4 Rd7
23.R7e3 Qb3 24.Ra1 Be4 25.Rae1 Bc2 26.Bxa5 Qxa4 27.Bb4 Nd3 28.Ra1 Qxb4 29.Rxd3 Qxd4
30.Rxd4 Rc8 31.Ra7 Rc5 32.Rb4 Rxd5 33.Rbxb7 Rxb7 34.Rxb7 g5 35.Nf3 Rd1+ 36.Kh2 Be4
37.Rd7 h5 38.h4 Bxf3 39.gxf3 gxh4 40.Kg2 Rd4 41.Kh3 Kf8 42.Rh7 Ke8 43.Kg2 Rf4
44.Kf1 Rf5 45.Kg2 d5 46.f4 Rxf4 47.Rxh5 d4 48.f3 Kf7 49.Kf2 Ke6 50.Ke2 d3+
51.Kxd3 Rxf3+ 52.Ke4 Ra3 53.Kf4 Ra4+ 54.Kf3 Kf7 55.Kg2 Kg6 56.Rh8 Kg5 57.Rg8+ Kf4
58.Kh3 Ra1 59.Rb8 Rh1+ 60.Kg2 Re1 61.Rh8 Re2+ 62.Kf1 Rh2 63.Kg1 Rh3 64.Kg2 Rg3+
65.Kh2 Rg4 66.Kh3 f5 67.Ra8 Rg1 68.Kh2 Rg3 69.Rh8 Kg4 70.Rg8+ Kf3 71.Rh8 h3
72.Rh7 f4 73.Ra7 Ke4  0-1

[Event "XXV Andorra Open"]
[Site "Andorra la Vella AND"]
[Date "2007.07.01"]
[Round "2"]
[White "Perez Candelario,Man"]
[Black "Damia,A"]
[Result "1-0"]
[WhiteElo "2511"]
[BlackElo "2212"]

1.e4 d6 2.d4 Nf6 3.Nc3 e5 4.Nf3 Nbd7 5.Bc4 Be7 6.O-O O-O 7.Re1 c6 8.a4 a5
9.b3 Qc7 10.Ba3 h6 11.h3 Re8 12.Qd2 Nf8 13.Rad1 g5 14.Nxg5 hxg5 15.dxe5 dxe5
16.Qxg5+ Kh8 17.Bd6 N8h7 18.Qxf6+  1-0

[Event "South African Open"]
[Site "Cape Town RSA"]
[Date "2007.07.01"]
[Round "4"]
[White "Dole,A"]
[Black "Van den Heever,D"]
[Result "0-1"]
[WhiteElo "1760"]
[BlackElo "2151"]

1.e4 d6 2.d4 Nf6 3.Nc3 c6 4.f4 Qa5 5.Bd3 e5 6.Nf3 Bg4 7.Be3 Nbd7 8.O-O Be7
9.h3 Bh5 10.Qe1 Bxf3 11.Rxf3 Qc7 12.Ne2 d5 13.Ng3 dxe4 14.Bxe4 Nxe4 15.Nxe4 f5
16.Nd2 e4 17.Rf1 Nb6 18.c4 Bf6 19.Rc1 Qf7 20.Qe2 O-O 21.Rfd1 Kh8 22.Nb3 Rad8
23.Nc5 Rg8 24.a4 g5 25.a5 Nc8 26.fxg5 Bxg5 27.Bxg5 Rxg5 28.Qf2 Rdg8 29.g4 Qh5
30.Rc3 Rxg4+ 31.hxg4 Rxg4+ 32.Kf1 Rh4 33.Qxh4 Qxh4 34.Rd2 f4 35.Rcc2 Qh1+
36.Ke2 Nd6 37.d5  0-1

[Event "13th Open"]
[Site "Chambery FRA"]
[Date "2007.07.01"]
[Round "5"]
[White "Zimmerman,Y"]
[Black "Magem Badals,J"]
[Result "1/2-1/2"]
[WhiteElo "2354"]
[BlackElo "2471"]

1.d4 d6 2.e4 Nf6 3.Nc3 Nbd7 4.Nf3 e5 5.Bc4 Be7 6.O-O O-O 7.Re1 c6 8.a4 a5
9.h3 exd4 10.Nxd4 Nc5 11.Nb3 Be6 12.Bxe6 Nxe6 13.Be3 Re8 14.Qf3 Bf8 15.Rad1 Qc7
16.Nd4 Nxd4 17.Bxd4 Re6 18.Re2 Rae8 19.Rde1 Nd7 20.Rd1 b6 21.b3 Nc5 22.Bxc5 bxc5
23.g3 g6 24.Red2 Qb8 25.Qd3 Qb4 26.Re2 Bg7 27.Na2 Qd4 28.Qxd4 Bxd4 29.c3 Bg7
30.Red2 Bf8 31.f3 f5 32.exf5 gxf5 33.Nc1 Bg7 34.c4 Bc3 35.Rd3 Bd4+ 36.Kf1 d5
37.cxd5 cxd5 38.R3d2 Re3 39.Rd3 Kf7 40.Rxe3 Bxe3 41.Rxd5 Bxc1 42.Rxc5 Bd2
43.Rxf5+ Ke6 44.Rh5 Re7 45.Ke2 Bb4 46.Kd3 Kf6 47.Rh6+ Kg7 48.Rc6 Be1 49.Rc5 Rb7
50.Ke2 Bb4 51.Rc6 Rd7 52.Ke3 Be1 53.Rc5 h6 54.g4 Bd2+ 55.Ke2 Bb4 56.Rb5 Rd2+
57.Ke3 Rb2 58.Ke4 Rxb3 59.Rb7+ Kf8 60.Rb8+ Ke7 61.Rb7+ Kf8 62.Rb8+ Ke7 63.Rb7+ Kd8
64.h4 Ra3 65.g5 hxg5 66.hxg5 Rxa4 67.g6 Bc3+ 68.Kf5 Rb4 69.g7 Bxg7 70.Rxg7 Rb5+
71.Ke6 Rb6+ 72.Kd5 Rb5+ 73.Kc6 Rf5 74.Ra7 Rf6+ 75.Kb5  1/2-1/2

[Event "White Nights"]
[Site "St Petersburg RUS"]
[Date "2007.07.02"]
[Round "8"]
[White "Shchukin,D"]
[Black "Utkin,Alek"]
[Result "1-0"]
[WhiteElo "2355"]
[BlackElo "2376"]

1.e4 d6 2.d4 Nf6 3.Nc3 c6 4.f4 Qa5 5.Bd3 e5 6.Nf3 Bg4 7.dxe5 dxe5 8.h3 Bxf3
9.Qxf3 Nbd7 10.Bd2 Qb6 11.O-O-O O-O-O 12.Bc4 exf4 13.Bxf4 Bb4 14.Bxf7 Bxc3
15.Qxc3 Nc5 16.Qe5 Rxd1+ 17.Rxd1 Nfd7 18.Qxg7 Rd8 19.Bg5 Nxe4 20.Be6 Nc5
21.Bxd8 Qxd8 22.Rxd7 Nxd7 23.Qxh7  1-0

[Event "ch-SWE"]
[Site "Stockholm SWE"]
[Date "2007.07.02"]
[Round "3"]
[White "Lindberg,Be"]
[Black "Johansson,Ja SWE"]
[Result "1-0"]
[WhiteElo "2443"]
[BlackElo "2441"]

1.e4 d6 2.d4 Nf6 3.Nc3 e5 4.Nf3 Nbd7 5.Bc4 Be7 6.O-O O-O 7.Re1 c6 8.a4 b6
9.Ba2 a6 10.h3 Qc7 11.Be3 Rb8 12.Nh4 exd4 13.Qxd4 Nc5 14.Rad1 Be6 15.Bxe6 Nxe6
16.Qd3 b5 17.Nf5 Rfd8 18.a5 Nc5 19.Bxc5 dxc5 20.Qe3 b4 21.Na4 Bf8 22.Nxc5 Rxd1
23.Rxd1 Qxa5 24.Qg3 Re8 25.Nh6+ Kh8 26.Nxf7+ Kg8 27.Qb3 Re7 28.Ng5+ Kh8 29.Nce6 h6
30.Rd8 hxg5 31.Rxf8+ Kh7 32.Rc8 Qe5 33.Rxc6 g4 34.hxg4 Qxe4 35.Ng5+  1-0

[Event "Asian Youth GU16"]
[Site "Tashkent UZB"]
[Date "2007.07.02"]
[Round "5"]
[White "Ibragimova,I UZB"]
[Black "Dave,D"]
[Result "0-1"]
[WhiteElo "1949"]
[BlackElo "1985"]

1.e4 d6 2.d4 Nf6 3.Nc3 c6 4.f4 Qa5 5.Nf3 Nxe4 6.Bd2 Nxd2 7.Qxd2 Nd7 8.Bd3 e6
9.O-O-O Be7 10.Kb1 O-O 11.g4 b5 12.Nd5 Qd8 13.Nxe7+ Qxe7 14.Qg2 Nf6 15.Rde1 Qb7
16.Qh3 g6 17.f5 exf5 18.gxf5 c5 19.Qh4 c4 20.Be2 Kg7 21.fxg6 fxg6 22.Ng5 Bf5
23.Bf3 d5 24.Nxh7 Qd7 25.Re5 Rae8 26.Nxf6 Rxf6 27.Rxd5 Rd6 28.Rxd6 Qxd6 29.Kc1 Rh8
30.Qg3 Qxd4 31.Rd1 Qe3+ 32.Kb1 Rf8 33.Bc6 Qc5 34.Qc3+ Kh7 35.Bd7 Rd8 36.Rd4 Rxd7
37.Rh4+ Kg8 38.Qh8+ Kf7 39.Rh7+ Ke6 40.Qg8+ Kd6 41.Rxd7+ Kxd7 42.Qg7+ Kc6
43.a3 Qg1+ 44.Ka2 Bxc2 45.Qf6+ Kb7 46.Qe7+ Ka6 47.Qe6+ Ka5  0-1

[Event "Open A"]
[Site "Klatovy CZE"]
[Date "2007.07.03"]
[Round "4"]
[White "Kaderabek,J"]
[Black "Rakous,P"]
[Result "1-0"]
[WhiteElo "2186"]
[BlackElo "2013"]

1.e4 d6 2.d4 Nf6 3.Nc3 c6 4.f4 Qa5 5.Bd3 e5 6.dxe5 dxe5 7.fxe5 Bg4 8.Nf3 Nfd7
9.h3 Bxf3 10.gxf3 Nxe5 11.f4 Nxd3+ 12.Qxd3 Na6 13.Qe2 Ba3 14.Qf3 Be7 15.O-O Nb4
16.Qg2 Qh5 17.Be3 Qg6 18.Rf2 b6 19.a3 Na6 20.Rd1 Rd8 21.Rfd2 Rxd2 22.Rxd2 Bc5
23.Bxc5 Nxc5 24.b4 Nb7 25.Qxg6 hxg6 26.Kg2 Rh5 27.Kg3 a5 28.Rd3 axb4 29.axb4 f6
30.Ne2 c5 31.c3 Ke7 32.Kg4 Rh8 33.e5 Rc8 34.Rd5 Rd8 35.Rxd8 Nxd8 36.bxc5 bxc5
37.exf6+ gxf6 38.h4 Ke6 39.f5+ gxf5+ 40.Kf4 Nf7 41.Ng3 Nh6 42.c4 Ng4 43.Nxf5 Ne5
44.Ne3 Ng6+ 45.Kg4 Ke5 46.h5 Nf8 47.Nf5 Nh7 48.h6 Nf8 49.Ng7 Kd4 50.Ne6+  1-0

[Event "White Nights"]
[Site "St Petersburg RUS"]
[Date "2007.07.03"]
[Round "9"]
[White "Volkova,S"]
[Black "Androsov,S"]
[Result "0-1"]
[WhiteElo "2013"]
[BlackElo "2101"]

1.e4 d6 2.d4 Nf6 3.Nc3 Nbd7 4.f4 e5 5.Nf3 exd4 6.Nxd4 Nc5 7.Bd3 Be7 8.O-O O-O
9.h3 c6 10.Be3 Nxd3 11.Qxd3 d5 12.exd5 Nxd5 13.Nxd5 Qxd5 14.c4 Qh5 15.Rad1 c5
16.Nb5 Bf5 17.Qb3 Qg6 18.Rd2 Rad8 19.Nc7 Rd3 20.Rxd3 Bxd3 21.Rf2 Qe4 22.Nd5 Bh4
23.Rf3 Bxc4 24.Nc3 Qxf3 25.gxf3 Bxb3 26.axb3 b6 27.Kf1 Re8 28.Ke2 Bf6 29.Kd3 Bxc3
30.bxc3 f5 31.b4 cxb4 32.cxb4 Kf7 33.h4 Ke6 34.Bd4 Rd8 35.Kc4 b5+ 36.Kc5 Rd5+  0-1

[Event "Asian Youth GU18"]
[Site "Tashkent UZB"]
[Date "2007.07.04"]
[Round "6"]
[White "Gevorgyan,I"]
[Black "Nodirjanova,N"]
[Result "0-1"]
[WhiteElo "2085"]
[BlackElo "2094"]

1.e4 d6 2.d4 Nf6 3.Nc3 c6 4.f4 Qc7 5.Nf3 Nbd7 6.e5 Nd5 7.Nxd5 cxd5 8.e6 fxe6
9.Ng5 Nf6 10.Bb5+ Bd7 11.Nxe6 Qa5+ 12.Bd2 Qb6 13.Bxd7+ Kxd7 14.f5 g6 15.Nxf8+ Raxf8
16.Bh6 Rf7 17.O-O Ne4 18.fxg6 Rxf1+ 19.Kxf1 hxg6 20.Qg4+ Kd8 21.Be3 Qxb2
22.Re1 Qc3 23.Qd1 Rxh2 24.Kg1 Rh8 25.Bf4 Rh1+ 26.Kxh1 Nf2+  0-1

[Event "Open A"]
[Site "Klatovy CZE"]
[Date "2007.07.05"]
[Round "6"]
[White "Stross,F"]
[Black "Neuman,P"]
[Result "1/2-1/2"]
[WhiteElo "2318"]
[BlackElo "2414"]

1.e4 d6 2.d4 Nf6 3.Nc3 e5 4.Nf3 Nbd7 5.Bc4 Be7 6.O-O O-O 7.Re1 c6 8.a4 b6
9.d5 cxd5 10.Nxd5 Bb7 11.b3 Rc8 12.Re2 Rc5 13.Nxe7+ Qxe7 14.Nd2 Rd8 15.f3 Rcc8
16.Nf1 Nc5 17.Ne3 Qc7 18.Rd2 Rd7 19.Nd5 Nxd5 20.Bxd5 Bxd5 21.Rxd5 Ne6 22.c4 a5
23.Ra2 Rcd8 24.g3 Qc6 25.Rad2 Nc7 26.R5d3 Ne6 27.Ba3 Nc5 28.Rd5 f6 29.Bxc5 bxc5
30.f4 exf4 31.gxf4 Re7 32.Rxd6 Rxd6 33.Rxd6 Qxe4 34.Rd8+ Kf7 35.Qh5+ Qg6+  1/2-1/2

[Event "XXV Andorra Open"]
[Site "Andorra la Vella AND"]
[Date "2007.07.06"]
[Round "7"]
[White "Del Rio Angelis,S"]
[Black "Shumiakina,T"]
[Result "1-0"]
[WhiteElo "2505"]
[BlackElo "2375"]

1.e4 d6 2.d4 Nf6 3.Nc3 e5 4.Nf3 Nbd7 5.Bc4 Be7 6.O-O O-O 7.Re1 c6 8.a4 b6
9.Ba2 a6 10.h3 Rb8 11.Rb1 b5 12.axb5 axb5 13.b4 Qc7 14.Qd3 Nb6 15.Nd1 Nfd7
16.c3 Ra8 17.Rb2 Re8 18.Ne3 Nf8 19.Ng4 Be6 20.Bxe6 Nxe6 21.Rb1 Nc4 22.Nd2 Nf4
23.Qf3 Nxd2 24.Bxd2 Ng6 25.Ne3 Ra2 26.Bc1 Bf6 27.Ng4 Be7 28.Qd1 Qb7 29.Ne3 Bf8
30.Nf5 Qa8 31.h4 Qa4 32.Qxa4 Rxa4 33.h5 Nf4 34.Bxf4 exf4 35.d5 g6 36.hxg6 hxg6
37.Nd4 cxd5 38.exd5 Rb8 39.Nc6 Rba8 40.c4 bxc4 41.b5 c3 42.b6 c2 43.Rbc1  1-0

[Event "Pivdenny Bank Cup"]
[Site "Odessa UKR"]
[Date "2007.07.06"]
[Round "9"]
[White "Ivanchuk,V"]
[Black "Tukmakov,V"]
[Result "1-0"]
[WhiteElo "2729"]
[BlackElo "2551"]

1.e4 d6 2.d4 Nf6 3.Nc3 e5 4.Nf3 Nbd7 5.Bc4 Be7 6.O-O O-O 7.a4 c6 8.Ba2 b6
9.Qe2 Qc7 10.Rd1 Bb7 11.Nh4 exd4 12.Rxd4 g6 13.Bg5 Rfe8 14.Rad1 a6 15.Qf3 Ne5
16.Qf4 Nh5 17.Qc1 Bf8 18.f4 Nd7 19.b4 Kg7 20.f5 Ne5 21.Bh6+ Kh8 22.Bxf8 Rxf8
23.Rxd6 Rad8 24.Qd2 Rxd6 25.Qxd6 Qxd6 26.Rxd6 Kg7 27.fxg6 hxg6 28.Nf3 Ng4
29.Bb3 Nf4 30.g3 Nh5 31.Rd7 Bc8 32.Rc7 Nhf6 33.Rxc6 Bb7 34.Rxb6 Bxe4 35.Nxe4 Nxe4
36.Rb7 Rd8 37.Rxf7+ Kh6 38.c4  1-0